[Event "Amateur-Pokal B"]
[Site "?"]
[Date "2001.??.??"]
[Round "3"]
[White "Reinke, Kurt"]
[Black "Schmidt, Erhard"]
[Result "1-0"]
[WhiteElo "1863"]
[BlackElo "1870"]
[Annotator "ChessOrg"]
[PlyCount "163"]

1. d4 d5 2. Nf3 c6 3. c4 Nf6 4. Nc3 e6 5. e3 Bd6 6. Bd3 O-O 7. O-O Nbd7 8. e4
dxe4 9. Nxe4 Nxe4 10. Bxe4 Nf6 11. Bd3 Qc7 12. c5 Bf4 13. g3 Bxc1 14. Rxc1 Nd5
15. Re1 g6 16. Qd2 Qe7 17. Qh6 Qf6 18. Ne5 Rd8 19. Rcd1 Qg7 20. Qc1 Bd7 21. Bb1
Be8 22. Nc4 Rd7 23. Nd6 Rad8 24. Re5 Ne7 25. Qf4 Nc8 26. Ne4 Kh8 27. Nf6 Re7
28. g4 b6 29. b4 Rb7 30. g5 Ne7 31. Be4 bxc5 32. Rd3 Ng8 33. Rh3 Nxf6 34. gxf6
Qg8 35. Qh6 Rxd4 36. bxc5 Rbb4 37. Rd3 Rxe4 38. Rxe4 Rxe4 39. Rd8 Rh4 40. Qxh4
h5 41. Qg5 Kh7 42. Qe5 Qh8 43. Qb8 Qxf6 44. Rxe8 Qg5+ 45. Kf1 Qc1+ 46. Ke2 Qc4+
47. Kd2 Qxc5 48. Rh8+ Kg7 49. Qb2+ e5 50. Rb8 Qxf2+ 51. Kd3 Qf3+ 52. Kc4 Qd5+
53. Kb4 c5+ 54. Ka3 c4 55. Rb5 Qd3+ 56. Kb4 f6 57. Qc3 Qb1+ 58. Kxc4 Qxa2+ 59.
Kc5 Qxh2 60. Rb7+ Kh6 61. Qf3 Kg5 62. Rb3 h4 63. Kd5 Qf4 64. Qg2+ Kh6 65. Rf3
Qd4+ 66. Ke6 Qb6+ 67. Kf7 f5 68. Qf2 Qd8 69. Rd3 Qc7+ 70. Ke6 g5 71. Qxf5 Qc8+
72. Rd7 Qe8+ 73. Re7 Qc8+ 74. Kxe5 Qb8+ 75. Kf6 Qh8+ 76. Ke6 Qc8+ 77. Rd7 Qg8+
78. Kd6 Qg6+ 79. Ke5 Kh5 80. Rh7+ Qxh7 81. Qxh7+ Kg4 82. Qf5+ 1-0

[Event "Amateur-Pokal B"]
[Site "?"]
[Date "2001.??.??"]
[Round "3"]
[White "Kupsch, Wolfgang"]
[Black "Faas, Dominik"]
[Result "1-0"]
[WhiteElo "1766"]
[BlackElo "1898"]
[Annotator "ChessOrg"]
[PlyCount "103"]

1. e4 e5 2. Nf3 Nc6 3. Bb5 a6 4. Ba4 d6 5. O-O Bg4 6. c3 Nf6 7. Re1 b5 8. Bc2
h6 9. d3 g5 10. Be3 Ne7 11. d4 Ng6 12. g3 Be7 13. Kg2 Qc8 14. Qe2 Nh5 15. Nbd2
Nhf4+ 16. Bxf4 gxf4 17. Rh1 Nh4+ 18. Kg1 Rg8 19. Qd3 h5 20. Nxh4 Bxh4 21. Bd1
Bf6 22. Bxg4 hxg4 23. Kf1 Bg5 24. Ke2 f3+ 25. Kd1 Qe6 26. h4 gxh3 27. Nxf3 Qg4
28. Qe2 Bf6 29. d5 Ke7 30. Rh2 Rh8 31. Kd2 Bg7 32. Nh4 Qg5+ 33. Kd3 Rag8 34.
Nf5+ Kf8 35. Rah1 f6 36. Qe3 Qg4 37. f3 Qh5 38. g4 Qe8 39. Rxh3 Rxh3 40. Rxh3
b4 41. c4 Qa4 42. Qd2 Qxa2 43. Qxb4 Ke8 44. Rh1 Kd7 45. Rh7 Qb1+ 46. Kd2 Qf1
47. Nxg7 Qg2+ 48. Kc1 Qf1+ 49. Kc2 Qe2+ 50. Kb1 Qd1+ 51. Ka2 Rb8 52. Ne6+ 1-0

[Event "Amateur-Pokal B"]
[Site "?"]
[Date "2001.??.??"]
[Round "3"]
[White "Schmitt, Adolf"]
[Black "Paschmann, Stefan"]
[Result "0-1"]
[WhiteElo "1824"]
[BlackElo "1895"]
[Annotator "ChessOrg"]
[PlyCount "48"]

1. d4 Nf6 2. Bf4 g6 3. c4 Bg7 4. Nc3 d6 5. e4 Nbd7 6. f3 O-O 7. Nh3 c6 8. Qd2
e5 9. Be3 Nb6 10. Nf2 Be6 11. d5 cxd5 12. cxd5 Bd7 13. Be2 Na4 14. Nb5 Bxb5 15.
Bxb5 Nc5 16. b4 Ncd7 17. O-O a6 18. Be2 Nh5 19. g3 f5 20. Nd1 f4 21. Bf2 fxg3
22. hxg3 Nf4 23. Kh2 Qg5 24. Rh1 Qh6+ 0-1

[Event "Amateur-Pokal B"]
[Site "?"]
[Date "2001.??.??"]
[Round "3"]
[White "Koch, Arno"]
[Black "Hiller, Joachim"]
[Result "0-1"]
[WhiteElo "1792"]
[BlackElo "1830"]
[Annotator "ChessOrg"]
[PlyCount "64"]

1. g3 c5 2. Bg2 Nc6 3. d3 Nf6 4. e4 e6 5. Nc3 Be7 6. f4 O-O 7. Nf3 d5 8. e5 Nd7
9. O-O Qb6 10. Na4 Qa6 11. b3 b5 12. Nb2 Bb7 13. a4 f6 14. exf6 Bxf6 15. Qe1
Rae8 16. c3 e5 17. Qd1 exf4 18. Bxf4 Bxc3 19. Qc2 b4 20. Bh3 Nd4 21. Nxd4 Bxd4+
22. Kh1 Nf6 23. Rab1 c4 24. Bg2 Bxb2 25. Rxb2 cxd3 26. Qc5 Re2 27. Bd6 Rc8 28.
Rxf6 gxf6 29. Bxd5+ Bxd5+ 30. Qxd5+ Kg7 31. Bf4 Rxb2 32. Qd7+ Kh8 0-1

[Event "Amateur-Pokal B"]
[Site "?"]
[Date "2001.??.??"]
[Round "4"]
[White "Dorozala, Pierre"]
[Black "Becking, Franz-Josef"]
[Result "0-1"]
[WhiteElo "1855"]
[BlackElo "1850"]
[Annotator "ChessOrg"]
[PlyCount "82"]

1. d4 Nf6 2. c4 e6 3. Nc3 Bb4 4. Bd2 b6 5. Nf3 Bb7 6. e3 O-O 7. Be2 a5 8. O-O
d6 9. Ne1 Bxc3 10. Bxc3 Ne4 11. Rc1 Nd7 12. f3 Nxc3 13. Rxc3 e5 14. d5 Nc5 15.
Nd3 Nxd3 16. Bxd3 f5 17. Bb1 Qe7 18. Qd2 f4 19. exf4 Rxf4 20. g3 Rf6 21. Qg5
Raf8 22. Bf5 h6 23. Qh4 g5 24. Qh5 Rxf5 25. Qxh6 Bc8 26. Re3 Qh7 27. Qxh7+ Kxh7
28. Kg2 Kg6 29. Re4 Rh8 30. h4 gxh4 31. gxh4 Rf4 32. Kg3 Bf5 33. Rxf4 exf4+ 34.
Kxf4 Rxh4+ 35. Ke3 Rxc4 36. Rg1+ Kf6 37. f4 Rc2 38. Rg8 Rxb2 39. Rf8+ Kg6 40.
Rg8+ Kf7 41. Rg5 Kf6 0-1

[Event "Amateur-Pokal B"]
[Site "?"]
[Date "2001.??.??"]
[Round "4"]
[White "Probst, Joachim"]
[Black "Thiel, Jean-Claude"]
[Result "1/2-1/2"]
[WhiteElo "1855"]
[BlackElo "1880"]
[Annotator "ChessOrg"]
[PlyCount "99"]

1. e4 e6 2. d4 d5 3. Nd2 Nf6 4. e5 Nfd7 5. f4 c5 6. c3 Nc6 7. Ngf3 Be7 8. Be2
a5 9. a4 cxd4 10. Nxd4 Nxd4 11. cxd4 Qb6 12. Nf3 Nb8 13. b3 Nc6 14. Be3 Bb4+
15. Kf2 Bd7 16. Rb1 O-O-O 17. Qd3 Ne7 18. Rhc1+ Kb8 19. Bd2 f6 20. Bxb4 Qxb4
21. g3 Be8 22. Qc3 Qxc3 23. Rxc3 Bg6 24. Rbc1 Rc8 25. exf6 gxf6 26. Nh4 Be4 27.
Bg4 f5 28. Bd1 Rxc3 29. Rxc3 Rc8 30. Rxc8+ Kxc8 31. h3 Nc6 32. Ke3 Nb4 33. Kd2
Kd7 34. Nf3 Nd3 35. Ne5+ Nxe5 36. fxe5 Bg2 37. h4 Bf1 38. Ke3 h6 39. Kf4 Bd3
40. g4 fxg4 41. Kxg4 Bg6 42. Kf4 Kc6 43. Ke3 b5 44. Kd2 bxa4 45. bxa4 Kd7 46.
Ke3 Ke7 47. Kf4 Bf5 48. Kg3 Kf7 49. Kf4 Kg6 50. h5+ 1/2-1/2

[Event "Amateur-Pokal B"]
[Site "?"]
[Date "2001.??.??"]
[Round "4"]
[White "Weissmann, Joerg"]
[Black "Reinke, Kurt"]
[Result "0-1"]
[WhiteElo "1950"]
[BlackElo "1863"]
[Annotator "ChessOrg"]
[PlyCount "104"]

1. e4 c5 2. Nf3 d6 3. d4 cxd4 4. Nxd4 Nf6 5. Nc3 a6 6. Be3 e5 7. Nf3 Nbd7 8. a4
b6 9. Bc4 Be7 10. g4 O-O 11. g5 Ng4 12. Bc1 b5 13. Bd5 Qb6 14. Qe2 b4 15. Nd1
a5 16. Bxa8 Ba6 17. Qd2 Rxa8 18. h3 Nxf2 19. Nxf2 Nc5 20. Qe3 Qc6 21. b3 Ne6
22. Ra2 Nf4 23. Rh2 Ne2 24. Bd2 Bd8 25. Nd3 Nf4 26. Ndxe5 dxe5 27. Nxe5 Qe6 28.
Qxf4 Bc7 29. Qf5 Qxe5 30. Qxe5 Bxe5 31. Rg2 Bc8 32. h4 Bh3 33. Rg1 Bh2 34. Rh1
Bg3+ 35. Ke2 Bg4+ 36. Ke3 Be5 37. Rg1 Bh5 38. Rf1 Re8 39. Bc1 Rc8 40. Rf2 Rc3+
41. Kd2 Bg3 42. Rf5 g6 43. Rxa5 Bf4+ 44. Ke1 Bxc1 45. Rb5 Re3+ 46. Kf2 Re2+ 47.
Kg3 Rxe4 48. a5 Bf4+ 49. Kf2 Re2+ 50. Kf1 Bg3 51. a6 Bf3 52. Ra1 Rh2 0-1

[Event "Amateur-Pokal B"]
[Site "?"]
[Date "2001.??.??"]
[Round "4"]
[White "Trumm, Achim"]
[Black "Hauck, Bjoern"]
[Result "1/2-1/2"]
[WhiteElo "1805"]
[BlackElo "1896"]
[Annotator "ChessOrg"]
[PlyCount "114"]

1. d4 Nf6 2. c4 g6 3. g3 Bg7 4. Bg2 d5 5. Nc3 e6 6. Nf3 O-O 7. O-O dxc4 8. Ne5
Nd5 9. Nxc4 Nb6 10. Nxb6 axb6 11. e3 c5 12. Ne2 Nc6 13. dxc5 bxc5 14. Qb3 Qc7
15. Bd2 b6 16. Bc3 e5 17. a3 Bb7 18. Qc2 Ne7 19. Rad1 Bxg2 20. Kxg2 Rfd8 21.
Qe4 b5 22. g4 Nc6 23. Rd5 Ra4 24. Rxd8+ Nxd8 25. Qd5 Rxg4+ 26. Ng3 Ra4 27. Rd1
Ne6 28. Ne4 Qe7 29. f3 Ra7 30. Qc6 f5 31. Qc8+ Nf8 32. Nd6 Rd7 33. Qxc5 Qg5+
34. Kh1 Qe7 35. Qd5+ Kh8 36. Bb4 Qe6 37. Qxb5 e4 38. f4 Bxb2 39. Rd2 Qb3 40.
Qd5 Qxd5 41. Rxd5 Kg8 42. Kg2 Ne6 43. Nxf5 Ra7 44. Nd6 Bxa3 45. Nb5 Bxb4 46.
Nxa7 Bc5 47. Re5 Kf7 48. Nc6 Bxe3 49. Rxe4 Bxf4 50. Nd8+ Nxd8 51. Rxf4+ Kg7 52.
Kg3 Ne6 53. Ra4 Kh6 54. Kg4 Ng7 55. Ra3 Nf5 56. h4 Ng7 57. Ra5 Nh5 1/2-1/2

[Event "Amateur-Pokal B"]
[Site "?"]
[Date "2001.??.??"]
[Round "4"]
[White "Kuhn, Heinz"]
[Black "Augustin, Christian"]
[Result "0-1"]
[WhiteElo "1763"]
[BlackElo "1966"]
[Annotator "ChessOrg"]
[PlyCount "146"]

1. b4 e5 2. Bb2 Bxb4 3. Bxe5 Nf6 4. e3 Nc6 5. Bb2 d5 6. Nf3 O-O 7. Be2 Bf5 8.
O-O Re8 9. c4 Ba5 10. Qb3 Nb4 11. Nd4 Bc8 12. a3 Nc6 13. Nxc6 bxc6 14. Qa4 Bb6
15. cxd5 cxd5 16. Bxf6 gxf6 17. Bd3 f5 18. Nc3 Be6 19. Ne2 c5 20. Bb5 Rf8 21.
Qf4 Bc7 22. Qh6 Be5 23. d4 Bg7 24. Qh5 c4 25. Nf4 Rb8 26. Ba4 Rb2 27. Qd1 Qb6
28. Nh5 Rb8 29. Qf3 Qc7 30. Nf4 Qd6 31. Qg3 R8b6 32. Qg5 h6 33. Qg3 Ra6 34. Bd1
c3 35. Nd3 Qxg3 36. hxg3 Rd2 37. Nb4 Rb6 38. Bf3 Rb5 39. Ra2 Rb2 40. Rxb2 cxb2
41. Rb1 Bf8 42. Rxb2 a5 43. Be2 Rb6 44. Nd3 Rxb2 45. Nxb2 Bxa3 46. Nd3 Kf8 47.
Ne5 Bd6 48. Bb5 Bxe5 49. dxe5 d4 50. exd4 Bb3 51. f4 a4 52. Bxa4 Bxa4 53. d5
Ke7 54. Kh2 Bb3 55. d6+ Kd8 56. Kh3 Bd1 57. Kh4 f6 58. Kh3 Bg4+ 59. Kh2 Kd7 60.
Kg1 Bh5 61. Kf2 Be8 62. Ke3 fxe5 63. Kf2 Kxd6 64. fxe5+ Kxe5 65. Kf3 Bh5+ 66.
Kf2 Ke4 67. Kg1 Ke3 68. Kf1 Be2+ 69. Kg1 h5 70. Kh2 Kf2 71. Kh3 Bd1 72. Kh2 Bg4
73. Kh1 Kxg3 0-1

[Event "Amateur-Pokal B"]
[Site "?"]
[Date "2001.??.??"]
[Round "4"]
[White "Schmidt, Erhard"]
[Black "Kupsch, Wolfgang"]
[Result "0-1"]
[WhiteElo "1870"]
[BlackElo "1766"]
[Annotator "ChessOrg"]
[PlyCount "58"]

1. g3 d5 2. Bg2 Nf6 3. c4 e6 4. cxd5 exd5 5. Qb3 c6 6. Nf3 Nbd7 7. d4 Bd6 8.
O-O O-O 9. Nc3 b6 10. Bg5 h6 11. Bd2 Bb7 12. Rac1 Rc8 13. Rfe1 Re8 14. Nh4 Nf8
15. e4 dxe4 16. Nxe4 Nxe4 17. Bxe4 Rc7 18. Nf5 Ne6 19. Nxd6 Qxd6 20. Bc3 Qd7
21. Bf5 Qd5 22. Qc2 Rce7 23. Re5 Nxd4 24. Rxe7 Nf3+ 25. Kf1 Rxe7 26. Rd1 Ba6+
27. Bd3 Nd4 28. Kg1 Nxc2 29. Bxc2 Qe6 0-1

[Event "Amateur-Pokal B"]
[Site "?"]
[Date "2001.??.??"]
[Round "4"]
[White "Moerger, Karl-Heinz"]
[Black "Hiller, Joachim"]
[Result "1-0"]
[WhiteElo "1782"]
[BlackElo "1830"]
[Annotator "ChessOrg"]
[PlyCount "95"]

1. e4 e5 2. Nf3 Nc6 3. Bc4 Nf6 4. d3 Bc5 5. Bg5 h6 6. Bh4 d6 7. h3 Be6 8. Bxe6
fxe6 9. c3 Qe7 10. b4 Bb6 11. Nbd2 a6 12. Nc4 Ba7 13. a4 O-O 14. b5 Nd8 15. O-O
Qe8 16. Qb3 g5 17. Bg3 Nh5 18. Bh2 Nf4 19. Bxf4 Rxf4 20. b6 Bb8 21. a5 c6 22.
Rae1 Qg6 23. Nh2 h5 24. Ne3 Kg7 25. c4 c5 26. Qa4 Nc6 27. Nc2 Qf7 28. Qa2 Ne7
29. Ne3 d5 30. g3 Rf6 31. cxd5 exd5 32. exd5 Bd6 33. Qc4 Rg8 34. Qe4 Kf8 35.
Nc4 Ng6 36. Nxd6 Rxd6 37. Nf3 Rxd5 38. Nxg5 Qd7 39. Qf3+ Kg7 40. Qxh5 Rh8 41.
Qg4 Qxg4 42. hxg4 Rxd3 43. Ne6+ Kf6 44. Nxc5 Rd5 45. Rc1 Rh7 46. Ne4+ Ke7 47.
Rc7+ Rd7 48. Rxd7+ 1-0

[Event "Amateur-Pokal B"]
[Site "?"]
[Date "2001.??.??"]
[Round "4"]
[White "Paschmann, Stefan"]
[Black "Faas, Dominik"]
[Result "0-1"]
[WhiteElo "1895"]
[BlackElo "1898"]
[Annotator "ChessOrg"]
[PlyCount "46"]

1. d4 d5 2. Nf3 Bf5 3. Bg5 Nd7 4. e3 Ngf6 5. Nbd2 e6 6. Ne5 Be7 7. g4 Be4 8. f3
Bg6 9. h4 h6 10. Nxg6 fxg6 11. Bf4 O-O 12. Bd3 Nxg4 13. fxg4 Bxh4+ 14. Ke2 g5
15. Nf3 gxf4 16. Rxh4 e5 17. dxe5 Nxe5 18. Qh1 Nxf3 19. Kxf3 fxe3+ 20. Ke2 Rf2+
21. Kxe3 Qf6 22. Bf5 Qb6+ 23. Kd3 Qb5+ 0-1

[Event "Amateur-Pokal B"]
[Site "?"]
[Date "2001.??.??"]
[Round "4"]
[White "Koch, Arno"]
[Black "Schmitt, Adolf"]
[Result "1/2-1/2"]
[WhiteElo "1792"]
[BlackElo "1824"]
[Annotator "ChessOrg"]
[PlyCount "107"]

1. d3 e6 2. e4 d5 3. e5 c5 4. g3 Nc6 5. f4 Be7 6. Bg2 Bd7 7. Nf3 Qb6 8. c3 Nh6
9. Qb3 Na5 10. Qxb6 axb6 11. Na3 O-O 12. h3 Nf5 13. Kf2 g6 14. h4 h5 15. Bd2 b5
16. Nc2 Nc6 17. Ng5 f6 18. exf6 Rxf6 19. Rhe1 Nh6 20. Kg1 Kg7 21. Re2 Nd8 22.
Bxd5 Nf5 23. Rae1 Ra6 24. Kh2 Bf8 25. Bg2 Rxa2 26. Bc1 Ra7 27. Bd2 c4 28. dxc4
bxc4 29. Nd4 Ra6 30. Nxf5+ Rxf5 31. Bh3 Rb5 32. Be3 Ra2 33. Bd4+ Kh6 34. Nxe6
Nxe6 35. Bxe6 Bxe6 36. Rxe6 Rbxb2+ 37. Kg1 Rg2+ 38. Kf1 Bg7 39. f5 Rxg3 40.
Bxg7+ Kxg7 41. Re7+ Kf6 42. fxg6 Kxg6 43. R7e6+ Kf5 44. R1e4 Rf3+ 45. Ke1 Rc2
46. R6e5+ Kg6 47. Re6+ Rf6 48. Rxf6+ Kxf6 49. Rxc4 Kf5 50. Kd1 Rb2 51. Kc1 Rb6
52. Kd2 Rd6+ 53. Ke3 Rc6 54. Rf4+ 1/2-1/2

[Event "Amateur-Pokal B"]
[Site "?"]
[Date "2001.??.??"]
[Round "5"]
[White "Reinke, Kurt"]
[Black "Probst, Joachim"]
[Result "1/2-1/2"]
[WhiteElo "1863"]
[BlackElo "1855"]
[Annotator "ChessOrg"]
[PlyCount "164"]

1. d4 Nf6 2. Nf3 e6 3. c4 b6 4. g3 Bb7 5. Bg2 Be7 6. Nc3 O-O 7. Qc2 d6 8. O-O
Nbd7 9. e4 e5 10. dxe5 dxe5 11. Rd1 Qb8 12. b3 c6 13. Bh3 Rd8 14. Bb2 Qc7 15.
Rac1 h6 16. Qe2 a6 17. Nh4 g6 18. Rc2 Nf8 19. Rcd2 Rxd2 20. Rxd2 Rd8 21. Bc1
Kh7 22. Qe3 Ng8 23. Qf3 f6 24. Qe2 Rxd2 25. Qxd2 Qd6 26. Qxd6 Bxd6 27. Be3 b5
28. c5 Bc7 29. b4 Ne7 30. f4 Kg7 31. f5 g5 32. Nf3 a5 33. a3 axb4 34. axb4 Bc8
35. g4 Nd7 36. Nd2 Nb8 37. Nb3 Bd7 38. Bf1 Na6 39. Na2 Be8 40. Be2 Bf7 41. Nbc1
Nc8 42. Kf1 Bd8 43. Ke1 Kf8 44. Kd2 Ke8 45. Kc3 Kd7 46. Kb2 Na7 47. Ka3 Nc8 48.
Nc3 Na7 49. Nb3 Bc7 50. Nd2 Nb8 51. Nf1 Bd8 52. Ng3 Ke7 53. Bd3 Kd7 54. Nh5 Be7
55. Bf2 Na6 56. Ng3 Nc7 57. Nf1 Kd8 58. Ne3 Kd7 59. Be2 Na6 60. Ned5 Bd8 61.
Bd1 Kc8 62. Bb3 cxd5 63. exd5 Kb8 64. Ne4 Nc8 65. h4 Bg8 66. hxg5 hxg5 67. d6
Bxb3 68. Kxb3 Kb7 69. Be1 Kc6 70. Nc3 Na7 71. Bf2 Nb8 72. Be3 Nd7 73. Ka3 Nc8
74. Kb3 Nxd6 75. cxd6 Bb6 76. Bxb6 Nxb6 77. Ne4 Nd7 78. Kc3 Kd5 79. Kd3 Kc6 80.
Ke3 Kd5 81. Kf3 Kc6 82. Ke3 Kd5 1/2-1/2

[Event "Amateur-Pokal B"]
[Site "?"]
[Date "2001.??.??"]
[Round "5"]
[White "Thiel, Jean-Claude"]
[Black "Dorozala, Pierre"]
[Result "0-1"]
[WhiteElo "1880"]
[BlackElo "1855"]
[Annotator "ChessOrg"]
[PlyCount "108"]

1. f4 Nf6 2. Nf3 d6 3. e3 e6 4. b3 Be7 5. Bb2 c5 6. a4 Nc6 7. Be2 Bd7 8. Na3
O-O 9. O-O Nd5 10. Nc4 Na5 11. Qe1 Nxc4 12. Bxc4 Bf6 13. Bxd5 exd5 14. Bxf6
Qxf6 15. h3 Qg6 16. Rc1 f5 17. Qh4 Rae8 18. Kf2 b5 19. axb5 Bxb5 20. Rg1 d4 21.
Rce1 dxe3+ 22. Rxe3 Rxe3 23. dxe3 Re8 24. Qg5 Qe6 25. Re1 a5 26. g4 fxg4 27.
Qxg4 Qe4 28. c4 Bc6 29. Nh4 Rf8 30. Rg1 Qc2+ 31. Ke1 Qc1+ 32. Kf2 Qb2+ 33. Ke1
Qc1+ 34. Kf2 Qc2+ 35. Qe2 Qxe2+ 36. Kxe2 d5 37. Rg5 h6 38. Re5 dxc4 39. Rxc5
Rc8 40. bxc4 Bf3+ 41. Nxf3 Rxc5 42. Ne5 a4 43. Kd3 g5 44. Kc3 a3 45. Kb3 Ra5
46. Ka2 Kg7 47. fxg5 Rxe5 48. gxh6+ Kf6 49. h7 Rh5 50. Kxa3 Rxh3 51. Kb4 Ke6
52. c5 Rxh7 53. Kb5 Kd7 54. e4 Re7 0-1

[Event "Amateur-Pokal B"]
[Site "?"]
[Date "2001.??.??"]
[Round "5"]
[White "Hauck, Bjoern"]
[Black "Augustin, Christian"]
[Result "0-1"]
[WhiteElo "1896"]
[BlackElo "1966"]
[Annotator "ChessOrg"]
[PlyCount "64"]

1. Nf3 d5 2. g3 Nf6 3. Bg2 Bf5 4. O-O c6 5. d3 Nbd7 6. Nbd2 e5 7. c4 Qb6 8. b3
h6 9. Bb2 d4 10. a3 a5 11. Rb1 c5 12. b4 axb4 13. axb4 cxb4 14. Ra1 Rxa1 15.
Qxa1 Bd6 16. c5 Bxc5 17. Nc4 Qd8 18. Ncxe5 Nxe5 19. Nxe5 O-O 20. Rc1 Qd6 21.
Nc4 Qd7 22. Na5 Bb6 23. Nb3 Re8 24. Nxd4 Bxd4 25. Bxd4 Rxe2 26. Bxf6 gxf6 27.
Qxf6 Qe6 28. Qd8+ Kh7 29. Bxb7 Bh3 30. Be4+ Rxe4 31. dxe4 Qxe4 32. f3 Qe3+ 0-1

[Event "Amateur-Pokal B"]
[Site "?"]
[Date "2001.??.??"]
[Round "5"]
[White "Kupsch, Wolfgang"]
[Black "Weissmann, Joerg"]
[Result "0-1"]
[WhiteElo "1766"]
[BlackElo "1950"]
[Annotator "ChessOrg"]
[PlyCount "90"]

1. e4 d5 2. exd5 Nf6 3. Nf3 Nxd5 4. d4 Bg4 5. Be2 e6 6. O-O Be7 7. c4 Nf6 8.
Be3 O-O 9. Nc3 Nbd7 10. Qc2 c6 11. Rfd1 Qc7 12. g3 Bd6 13. c5 Be7 14. b4 Rfd8
15. a4 Nf8 16. Kg2 Bf5 17. Bd3 Bxd3 18. Rxd3 Ng6 19. h3 h5 20. Ng1 h4 21. Nge2
hxg3 22. fxg3 Qd7 23. Rf1 Nd5 24. Nxd5 Qxd5+ 25. Kh2 Bf6 26. Rdd1 Qd7 27. Qb3
Ne7 28. b5 Nf5 29. bxc6 bxc6 30. Bf2 Rab8 31. Qc3 Qb7 32. Qa1 Qb2 33. Qxb2 Rxb2
34. g4 Nxd4 35. Nxd4 Rxd4 36. Rxd4 Bxd4 37. Kg3 Bxf2+ 38. Rxf2 Rxf2 39. Kxf2 f6
40. h4 Kf7 41. Ke3 g6 42. Kf4 e5+ 43. Ke4 Ke6 44. Kd3 f5 45. g5 f4 0-1

[Event "Amateur-Pokal B"]
[Site "?"]
[Date "2001.??.??"]
[Round "5"]
[White "Pook, Rainer"]
[Black "Trumm, Achim"]
[Result "0-1"]
[WhiteElo "1825"]
[BlackElo "1805"]
[Annotator "ChessOrg"]
[PlyCount "112"]

1. d4 d5 2. Nc3 Nf6 3. e4 dxe4 4. Bg5 Bf5 5. Bxf6 exf6 6. g4 Bg6 7. h4 h6 8.
Bg2 Bb4 9. Nge2 O-O 10. Qd2 c6 11. O-O-O Na6 12. Rh3 Nc7 13. a3 Bxc3 14. Nxc3
Re8 15. Re1 Ne6 16. d5 cxd5 17. Nxd5 Nc7 18. Nxc7 Qxc7 19. g5 h5 20. gxf6 gxf6
21. Rg3 Kh7 22. Rc3 Qh2 23. Rg3 e3 24. Qe2 exf2 25. Qxf2 Rxe1+ 26. Qxe1 Qxh4
27. Bxb7 Rd8 28. Re3 Qg5 29. Qg3 Rd7 30. Qxg5 fxg5 31. Ba6 f5 32. c4 f4 33. Re5
g4 34. c5 g3 35. Bf1 f3 36. Bh3 g2 37. Rg5 Rd4 38. Bxg2 Rc4+ 39. Kd1 fxg2 40.
Rxg2 Rxc5 41. Rd2 a5 42. Rd6 Kh6 43. Rb6 a4 44. Rb4 Kg5 45. Ke2 Bc2 46. Rb6 Bb3
47. Kf3 Rf5+ 48. Kg3 Rd5 49. Rb4 Rd3+ 50. Kf2 h4 51. Ke2 Rd5 52. Kf3 Bd1+ 53.
Kg2 Rd2+ 54. Kg1 Bb3 55. Kf1 Rxb2 56. Rb7 Bc4+ 0-1

[Event "Amateur-Pokal B"]
[Site "?"]
[Date "2001.??.??"]
[Round "5"]
[White "Faas, Dominik"]
[Black "Moerger, Karl-Heinz"]
[Result "1-0"]
[WhiteElo "1898"]
[BlackElo "1782"]
[Annotator "ChessOrg"]
[PlyCount "47"]

1. e4 e6 2. d4 d5 3. e5 c5 4. c3 Nc6 5. Nf3 Qb6 6. a3 a5 7. a4 Bd7 8. Bb5 cxd4
9. cxd4 Bb4+ 10. Bd2 Nxd4 11. Bxb4 Nxf3+ 12. Qxf3 Bxb5 13. axb5 Rc8 14. Rxa5
Qd4 15. Bc3 Qb6 16. O-O Nh6 17. Nd2 O-O 18. Nb3 Nf5 19. g4 d4 20. Bb4 Ne3 21.
fxe3 dxe3 22. Nc5 Rxc5 23. Qxe3 Rfc8 24. Qxc5 1-0

[Event "Amateur-Pokal B"]
[Site "?"]
[Date "2001.??.??"]
[Round "5"]
[White "Hiller, Joachim"]
[Black "Kuhn, Heinz"]
[Result "1-0"]
[WhiteElo "1830"]
[BlackElo "1763"]
[Annotator "ChessOrg"]
[PlyCount "45"]

1. d4 b5 2. e4 Bb7 3. Bd3 e6 4. Nf3 c5 5. b3 Qc7 6. Qe2 a6 7. O-O Nf6 8. Bg5
Be7 9. c4 bxc4 10. bxc4 cxd4 11. Nxd4 Qe5 12. Qb2 Bc6 13. f4 Qc5 14. Nd2 h6 15.
Bh4 g5 16. N2b3 Qb6 17. Bf2 Qc7 18. fxg5 hxg5 19. Bg3 e5 20. Nf5 d6 21. c5 Qa7
22. Nxe7 Kxe7 23. Bxe5 1-0

[Event "Amateur-Pokal B"]
[Site "?"]
[Date "2001.??.??"]
[Round "5"]
[White "Schmitt, Adolf"]
[Black "Schmidt, Erhard"]
[Result "0-1"]
[WhiteElo "1824"]
[BlackElo "1870"]
[Annotator "ChessOrg"]
[PlyCount "68"]

1. d4 d5 2. Nf3 c6 3. c3 Nf6 4. e3 g6 5. Bd3 Bg7 6. Nbd2 O-O 7. e4 dxe4 8. Nxe4
Nbd7 9. Ng3 Nd5 10. Bd2 e5 11. O-O exd4 12. Nxd4 N7f6 13. Qc2 Bd7 14. Rae1 Qb6
15. Nf3 Rae8 16. Ne5 Be6 17. Kh1 Ng4 18. Nxg4 Bxg4 19. Rxe8 Rxe8 20. a3 Be5 21.
Qc1 Re6 22. h3 Bxg3 23. fxg3 Be2 24. Bxe2 Rxe2 25. c4 Ne3 26. c5 Qc7 27. Re1
Rxe1+ 28. Qxe1 Nd5 29. Bh6 Qe7 30. Qc1 Qe4 31. Kh2 f6 32. h4 g5 33. hxg5 Ne3
34. Qd2 Nf1+ 0-1

[Event "Amateur-Pokal B"]
[Site "?"]
[Date "2001.??.??"]
[Round "5"]
[White "Paschmann, Stefan"]
[Black "Koch, Arno"]
[Result "1-0"]
[WhiteElo "1895"]
[BlackElo "1792"]
[Annotator "ChessOrg"]
[PlyCount "35"]

1. d4 d6 2. Nf3 g6 3. e4 Bg7 4. Nc3 Nd7 5. Be3 e5 6. Bc4 exd4 7. Bxd4 Bxd4 8.
Qxd4 Qf6 9. O-O-O Qxd4 10. Rxd4 Ne7 11. Nb5 O-O 12. Nxc7 Rb8 13. Rxd6 Nb6 14.
Bb3 Kg7 15. Nb5 Nc6 16. Nxa7 Bg4 17. Nxc6 bxc6 18. Ne5 1-0

[Event "Amateur-Pokal B"]
[Site "?"]
[Date "2001.??.??"]
[Round "6"]
[White "Reinke, Kurt"]
[Black "Becking, Franz-Josef"]
[Result "0-1"]
[WhiteElo "1863"]
[BlackElo "1850"]
[Annotator "ChessOrg"]
[PlyCount "110"]

1. d4 d5 2. Nf3 Bf5 3. c4 dxc4 4. Nc3 Nf6 5. Nh4 Bg4 6. h3 Bh5 7. Qa4+ c6 8.
Qxc4 e6 9. g4 Bg6 10. Nxg6 hxg6 11. Bg2 Nbd7 12. e4 Nb6 13. Qd3 Qc7 14. Be3
O-O-O 15. O-O-O Bb4 16. Kb1 Kb8 17. Rc1 Qd7 18. Rhd1 Rc8 19. Qc2 Bxc3 20. Qxc3
Qe7 21. Qa5 Qc7 22. Rd3 Nbd5 23. Qxc7+ Nxc7 24. Bf4 Ka8 25. a4 Rhd8 26. Be5 Rd7
27. Bf4 Rcd8 28. Rcd1 Na6 29. R3d2 Nb4 30. Bg5 Rh8 31. Rc1 Nh7 32. Be3 Rhd8 33.
Rc4 Na6 34. Kc1 f6 35. b4 g5 36. Rb2 Nf8 37. b5 Nb8 38. e5 Rc7 39. a5 a6 40.
bxa6 Nxa6 41. Rcc2 Nd7 42. d5 Nxe5 43. Bf1 cxd5 44. Rxc7 Nxc7 45. Bb6 Rd7 46.
Rc2 Kb8 47. Be2 Nc6 48. a6 e5 49. f3 Na8 50. Bc5 b6 51. Bxb6 Nxb6 52. Rxc6 Rc7
53. Rxc7 Kxc7 54. Kc2 Na8 55. Kc3 55... Kb6 {Rest unleserlich, 0-1 im 72.Zug}
0-1

[Event "Amateur-Pokal B"]
[Site "?"]
[Date "2001.??.??"]
[Round "6"]
[White "Dorozala, Pierre"]
[Black "Probst, Joachim"]
[Result "1/2-1/2"]
[WhiteElo "1855"]
[BlackElo "1855"]
[Annotator "ChessOrg"]
[PlyCount "162"]

1. d4 Nf6 2. c4 e6 3. Nc3 Bb4 4. Bd2 O-O 5. Nf3 b6 6. e3 Bb7 7. Be2 d6 8. O-O
Nbd7 9. a3 Bxc3 10. Bxc3 Ne4 11. Rc1 f5 12. Be1 Qe7 13. Nd2 Ng5 14. f3 Nf7 15.
Bg3 Rae8 16. Bd3 Qf6 17. Qc2 Nh6 18. b4 e5 19. d5 Re7 20. Nb3 f4 21. Bxh7+ Kh8
22. exf4 exf4 23. Bf2 g6 24. Bxg6 Rg8 25. Bd4 Ne5 26. Be4 Reg7 27. Rf2 Bc8 28.
Rd1 Rg5 29. Kf1 Rh5 30. h3 Rhg5 31. Rdd2 Nhf7 32. c5 bxc5 33. bxc5 Ba6+ 34. Bd3
Bc8 35. cxd6 cxd6 36. Bxa7 Nxd3 37. Qxd3 Bf5 38. Qd4 Ne5 39. Na5 Bxh3 40. gxh3
Rg1+ 41. Ke2 Re8 42. Qe4 Re1+ 43. Kxe1 Nxf3+ 44. Rxf3 Rxe4+ 45. Kf2 Qh4+ 46.
Kg2 Qe1 47. Nb3 Re2+ 48. Rxe2 Qxe2+ 49. Bf2 Qe4 50. Nd4 Qxd5 51. Ne2 Qg5+ 52.
Kh2 Qb5 53. Kg2 Qg5+ 54. Kf1 Qd5 55. Bd4+ Kg8 56. Rxf4 Qb3 57. Rg4+ Kf7 58.
Rg7+ Kf8 59. Rg3 Qd1+ 60. Kf2 Kf7 61. Re3 Qh1 62. a4 Qa8 63. Nc3 Kg6 64. Rf3
Qa6 65. Rf6+ Kh7 66. Rf3 Qc4 67. Bb6 d5 68. Nxd5 Qxd5 69. a5 Qd2+ 70. Kg3 Qd6+
71. Kg2 Qg6+ 72. Kh2 Qd6+ 73. Rg3 Qd2+ 74. Rg2 Qd6+ 75. Kh1 Qe6 76. Bg1 Kh6 77.
Bf2 Kh5 78. Kg1 Qc6 79. h4 Qc1+ 80. Kh2 Qc7+ 81. Kh1 Qxa5 1/2-1/2